De la ética desprotegida : (Record no. 104375)

MARC details
000 -LEADER
fixed length control field 00642nam a22001937a 4500
005 - DATE AND TIME OF LATEST TRANSACTION
control field 20151013110016.0
008 - FIXED-LENGTH DATA ELEMENTS--GENERAL INFORMATION
fixed length control field 151013b sp ||||| |||| 00| 0 spa d
020 ## - INTERNATIONAL STANDARD BOOK NUMBER
International Standard Book Number 8431319194
050 04 - LIBRARY OF CONGRESS CALL NUMBER
Classification number P94
Item number D45 2001
245 00 - TITLE STATEMENT
Title De la ética desprotegida :
Remainder of title ensayos sobre deontología de la comunicación /
Statement of responsibility, etc editora Mónica Codina
250 ## - EDITION STATEMENT
Edition statement 1a ed.
260 ## - PUBLICATION, DISTRIBUTION, ETC. (IMPRINT)
Place of publication, distribution, etc Pamplona :
Name of publisher, distributor, etc Ediciones Universidad de Navarra,
Date of publication, distribution, etc 2001
300 ## - PHYSICAL DESCRIPTION
Extent 231 p. ;
Dimensions 24 cm.
490 0# - SERIES STATEMENT
Series statement Colección Comunicación
504 ## - BIBLIOGRAPHY, ETC. NOTE
Bibliography, etc Bibliografía : p. 219-231
650 #4 - SUBJECT ADDED ENTRY--TOPICAL TERM
Topical term or geographic name as entry element Comunicación
General subdivision Aspectos morales y éticos
700 1# - ADDED ENTRY--PERSONAL NAME
Personal name Codina, Mónica,
Relator term ed.
942 ## - ADDED ENTRY ELEMENTS (KOHA)
Source of classification or shelving scheme Biblioteca del Cogreso de los Estados Unidos
Koha item type Libro
Holdings
Estado de pérdida Fuente de clasificación Estado del daño No para préstamo Ubicación permanente Ubicación actual Apartado o colección Fecha de adquisición Edición Dependencia de educación superior (DES) Área del conocimiento Clasificación Código de Barras Date last seen Número de copia Tipo de recurso
  Biblioteca del Cogreso de los Estados Unidos     Biblioteca del Posgrado en Derecho Biblioteca del Posgrado en Derecho Colección Ernesto Villanueva 13/10/2015 1a ed. Derecho Ciencias Sociales y Administrativas P94 D45 2001 BPD000002862 13/10/2015 1 Libro